A konvektív instabilitás tanulmányozása homogén és pórusos közegben a klorit-tetrationát rendszerben

Elmentve itt :
Bibliográfiai részletek
Szerző: Schuszter Gábor
További közreműködők: Tóth Ágota (Témavezető)
Horváth Dezső (Témavezető)
Dokumentumtípus: Disszertáció
Megjelent: 2014-04-15
Tárgyszavak:
doi:10.14232/phd.2018

mtmt:2819432
Online Access:http://doktori.ek.szte.hu/2018
LEADER 01129nta a2200253 i 4500
001 dokt2018
005 20200127152955.0
008 131218s2014 hu om 0|| hun d
024 7 |a 10.14232/phd.2018  |2 doi 
024 7 |a 2819432  |2 mtmt 
040 |a SZTE Doktori Repozitórium  |b hun 
041 |a hun 
100 1 |a Schuszter Gábor 
245 1 2 |a A konvektív instabilitás tanulmányozása homogén és pórusos közegben a klorit-tetrationát rendszerben  |h [elektronikus dokumentum] /  |c  Schuszter Gábor 
246 1 0 |a Convective instability in homogeneous and porous media in the chlorite-tetrathionate system  |h [elektronikus dokumentum] 
260 |c 2014-04-15 
502 |a Disszertacio 
650 4 |a kémiai tudományok 
650 4 |a Kémiai tudományok 
700 0 1 |a Tóth Ágota  |e ths 
700 0 1 |a Horváth Dezső  |e ths 
856 4 0 |u https://doktori.bibl.u-szeged.hu/id/eprint/2018/1/SG_disszertacio.pdf  |z Dokumentum-elérés  
856 4 0 |u https://doktori.bibl.u-szeged.hu/id/eprint/2018/2/SG_tezismagyar.pdf  |z Dokumentum-elérés  
856 4 0 |u https://doktori.bibl.u-szeged.hu/id/eprint/2018/3/SG_tezisangol.pdf  |z Dokumentum-elérés